000 00942nam0a22002651 4500
001 rc\4400103
005 20250612072428.0
021 _aRU
_b[66-61029]
035 _a(NLR Aleph) 008558080
090 _a8448228
_c8448228
100 _a20130416d1966 |||y0rusy50 ca
101 0 _arus
102 _aRU
105 _ay z |||||
200 1 _aЭкономика производства зерна в Северной Осетии
_fНауч.-исслед. ин-т при Совете Министров Сев.-Осет. АССР
210 _aОрджоникидзе
_cБ. и.
_d1966
215 _a132 с.
_d21
320 _aБиблиогр.: с. 129-131
606 _aЗерновое хозяйство
_yСеверо-Осетинская АССР
_2psbo
700 1 _aДзгоев
_bТ.Н.
_gТамби Ногиевич
801 0 _aRU
_bNLR
_gpsbo
801 1 _aRU
_bELAR
_2rusmarc
852 _aNLR
_j66-5/4022
942 _cBOOK
980 _aNB